| 000 | 00546nam a22002057a 4500 | ||
|---|---|---|---|
| 005 | 20251108174745.0 | ||
| 008 | 250721s2006 xx 000 0 eng d | ||
| 020 | _a1405444878 | ||
| 082 | 1 | 4 | _aJ/F/HAR |
| 100 | 1 | _aharker, jillian | |
| 245 | 1 | 0 | _alucky little duck / |
| 264 | 1 |
_abath ba 1 : _bparragon publishing book, _c2006. |
|
| 300 | _a9P. | ||
| 650 | 1 | 7 | _aFICTION |
| 650 | 1 | 7 | _aCHILDREN |
| 653 | _aاطفال مرحلة متوسطة (6-9) سنوات | ||
| 700 | 1 |
_apedler, caroline _eIllus. |
|
| 942 |
_2ddc _cBK |
||
| 999 |
_c117270 _d117270 |
||